| 000 | 00760nac a22002295a 4500 | ||
|---|---|---|---|
| 005 | 20180207103122.0 | ||
| 008 | 090429t2006 nyua frb 000 0 eng d | ||
| 010 | _a 2005045918 | ||
| 020 | _a013185755X | ||
| 040 |
_aEG-ScBUE _beng _cEG-ScBUE |
||
| 082 | 0 | 4 |
_a658.5 _bHEI _222 |
| 100 | 1 |
_aHeizer, Jay H. _94442 |
|
| 245 | 1 | 0 |
_aOperations management / _cJay Heizer, Barry Render. |
| 250 | _a8th ed. | ||
| 260 |
_aUpper Saddle River, NJ : _bPearson Education, _cc.2006. |
||
| 300 |
_a1 v. (various pagings) : _bill. (chiefly col.) ; _c29 cm. |
||
| 504 | _aIncludes bibliographical references and index. | ||
| 650 | 7 |
_aProduction management. _2BUEsh _94443 |
|
| 651 | _2BUEsh | ||
| 653 |
_bBUSADM _cFebruary2018 |
||
| 700 | 1 |
_aRender, Barry. _94444 |
|
| 999 |
_c11460 _d11460 |
||